02659nam a22003137a 4500008004100000020001800041040000800059041001300067050002900080100003300109240003000142245007200172260003400244300002500278520083100303520078201134650003801916650003701954650003201991650003302023650002702056655003102083655004102114655003302155700004102188942000802229952009302237999001502330251020b |||||||| |||| 00| 0 eng d a9782226455130 cTBS afreheng aPS3557.A715 bW3414 2023 aGardner, Lisa926198eauthor aWhen you see me.lFrench. aAu premier regardc/ Lisa Gardner ; translated by Cécile Deniard. aParis :bAlbin Michel,c2023. a473 pages ; c23 cm. a« Un thriller palpitant et diablement féministe. » Paris Match L'agent du FBI Kimberly Quincy, le commandant D.D. Warren et Flora Dane, les trois héroïnes de Lisa Gardner de nouveau réunies dans un thriller à couper le souffle. Macabre découverte dans un petite ville de Géorgie. Les restes d'un corps humain, puis bientôt un charnier, révélés au grand jour... Est-ce le testament de Jacob Ness, le tueur en série qui a défrayé la chronique pendant des années avant d'être abattu ? Ou l'oeuvre d'un complice ? Aux côtés de la courageuse Flora Dane, survivante de Jacob Ness devenue justicière, les enquêtrices vont unir leurs forces dans une affaire sans précédent, dont une jeune fille, témoin impuissante de l'horreur, détient la vérité. Mais comment la protéger ?  a“A gripping and fiercely feminist thriller.” — Paris Match FBI agent Kimberly Quincy, Sergeant D.D. Warren, and Flora Dane—Lisa Gardner’s three unforgettable heroines—come together once again in a breathtaking new thriller. A gruesome discovery is made in a small Georgia town: the remains of a human body, soon followed by the uncovering of a mass grave. Is this the legacy of Jacob Ness, the notorious serial killer who dominated headlines for years before being shot dead? Or the work of an accomplice? Alongside the brave Flora Dane—Jacob Ness’s former captive turned vigilante—the investigators join forces on an unprecedented case, one in which a young girl, a helpless witness to the horror, holds the key to the truth. But how can they protect her? 0aVictims of crimesvFiction926199 0aSerial murderersvFiction926200 0aYoung womenvFiction924099 0aSmall citiesvFiction926201 0aMutismvFiction926202 0aThrillers (Fiction)922669 0aDetective and mystery fiction923664 0aPsychological fiction922456 aDeniard, Cécile926203etranslator 2lcc 00102lcc4070aTBSbTBSd2025-10-20l0oP-FR MICpB07713r2025-10-20t1w2025-10-20y1 c5061d5061